Normal view MARC view
  • Distraction (Psychology)

Entry Topical Term

Number of records used in: 1

001 - CONTROL NUMBER

  • control field: 94678

003 - CONTROL NUMBER IDENTIFIER

  • control field: NUST

005 - DATE AND TIME OF LATEST TRANSACTION

  • control field: 20220723164637.0

008 - FIXED-LENGTH DATA ELEMENTS

  • fixed length control field: 220723|| aca||aabn | a|a d

040 ## - CATALOGING SOURCE

  • Original cataloging agency: NUST
  • Transcribing agency: NUST

150 ## - HEADING--TOPICAL TERM

  • Topical term or geographic name entry element: Distraction (Psychology)

670 ## - SOURCE DATA FOUND

  • Source citation: Work cat.: (NUST)0: Bailey, Chris, 1989- author. 94677, Hyperfocus :
© 2023 Central Library, National University of Sciences and Technology. All Rights Reserved.